Chiến lược và chính sách kinh doanh

Bản chất quản trị, chiến lược kinh doanh. Công tác nghiên cứu, phân tích môi trường và hệ thống thông tin quản trị. Xác định nhiệm vụ mục tiêu, xây dựng và lựa chọn, thực hiện chiến lược của doanh nghiệp và các đơn vị kinh doanh. Công tác...

Volledige beschrijving

Bewaard in:
Bibliografische gegevens
Hoofdauteur: Smith, Garry D.
Formaat: Boek
Taal:Undetermined
Gepubliceerd in: Hà Nội Thống kê 1997
Onderwerpen:
Tags: Voeg label toe
Geen labels, Wees de eerste die dit record labelt!
Thư viện lưu trữ: Trung tâm Học liệu Trường Đại học Cần Thơ
LEADER 01025nam a2200205Ia 4500
001 CTU_154304
008 210402s9999 xx 000 0 und d
020 |c 32000 
082 |a 658 
082 |b S642 
100 |a Smith, Garry D. 
245 0 |a Chiến lược và chính sách kinh doanh 
245 0 |c Garry D. Smith, Danny R. Arnold, Bobby G. Bizzell ; Bùi Văn Đông (dịch) 
260 |a Hà Nội 
260 |b Thống kê 
260 |c 1997 
520 |a Bản chất quản trị, chiến lược kinh doanh. Công tác nghiên cứu, phân tích môi trường và hệ thống thông tin quản trị. Xác định nhiệm vụ mục tiêu, xây dựng và lựa chọn, thực hiện chiến lược của doanh nghiệp và các đơn vị kinh doanh. Công tác kiểm tra, đánh giá chiến lược. 
650 |a Management,Managerial economics 
904 |i Giang 
980 |a Trung tâm Học liệu Trường Đại học Cần Thơ